Hey Jude by The Beatles - Lyrics - Statistics

General Stats
  • This quiz has been taken 1,643 times
    1,186 since last reset
  • The average score is 22 of 30
Answer Stats
Lyrics % Correct
Take a {sad} {song} and make it better
97%
Take a sad song and {make} {it} {better}
96%
Then you begin to {make} {it} {better}
96%
Then you can start to {make} {it} {better}
96%
Then you can start to {make} {it} {better}
96%
Then you'll begin to {make} {it} {better} (×6)
96%
Remember to let her {into} {your} {heart}
91%
Remember to let her {into} {your} {heart}
91%
Hey Jude, don't {be} {afraid}
87%
Hey Jude, don't {make} {it} {bad}
84%
Hey Jude, don't {make} {it} {bad}
84%
Hey {Jude}
80%
You were made to {go} {out} {and} {get} {her}
80%
Remember to let her {under} {your} {skin}
75%
The minute you let her {under} {your} {skin}
75%
Now go and {get} {her}
74%
Don't carry the world {upon} {your} {shoulders}
72%
And anytime you {feel} {the} {pain}, Hey Jude, refrain
69%
So let it out and {let} {it} {in}
68%
{Na} {na} {na}
64%
By making his world {a} {little} {colder}
63%
Hey Jude, {begin}
59%
For well you know {that} {it's} {a} {fool} who plays it cool
55%
You have {found} {her}
55%
The movement you need is {on} {your} {shoulder}
53%
Hey Jude, don't {let} {me} {down}
52%
{Na} {na} {na} {na} {na} {na} {na}
48%
And don't you know that {it's} {just} {you}
41%
You're waiting for someone to {perform} {with}
41%
Hey Jude, {you'll} {do}
33%
No matching quizzes found
Score Distribution
Percent of People with Each Score
Percentile by Number Answered
Your Score History
You have not taken this quiz since the last reset